| 000 | 00441nam a2200121Ia 4500 | ||
|---|---|---|---|
| 008 | 171212s9999 xx 000 0 und d | ||
| 100 | _aMajumdar, Margaret A. | ||
| 245 |
_cMajumdar, Margaret A. _aPostcoloniality _bThe French Dimension |
||
| 260 |
_bBerghahn Books _c2007 |
||
| 650 | _aFrance -- Colonies -- History; Postcolonialism -- French-speaking countries | ||
| 650 | _aPolitical Science | ||
| 856 | _uhttp://jstor.org/stable/j.ctt1c0gkvv | ||
| 999 |
_c351433 _d351433 |
||